000 00483 a2200157 4500
020 _a0-521-49582-2
040 _aDLC
_bDLC
082 _a515
082 _a515.7242
100 1 _aFornberg, Bengt,
245 0 2 _aA practical guide to pseudospectral methods
_cBengt Fornberg
260 _aCambridge :
_bCambridge Univ. Press,
_ccop. 1996
300 _a231 s.
_a(ix, 231 s.)
440 0 _aCambridge monographs on applied and computational mathematics,
_v1
942 _cBK
_k515.7242 FOR
_2ddc
999 _c7651
_d7651